[Event "Euskadi-chT (Vasca) Div Honor"]
[Site "Bergara"]
[Date "2011.03.05"]
[Round "9.5"]
[White "Chamizo Vega, Ibon"]
[Black "Villalta Bustillo, Igor"]
[Result "0-1"]
[WhiteElo "2072"]
[BlackElo "2161"]
[PlyCount "81"]
[EventDate "2011.01.08"]
[EventType "team-tourn"]
[EventRounds "9"]
[EventCountry "ESP"]
[SourceTitle "EXT 2024"]
[Source "ChessBase"]
[SourceDate "2023.10.10"]
[SourceVersion "1"]
[SourceVersionDate "2023.10.10"]
[SourceQuality "1"]

1. d4 d5 2. c4 e6 3. Nc3 c5 4. cxd5 exd5 5. Nf3 Nc6 6. g3 Nf6 7. Bg2 Be7 8. 0-0 0-0 9. Bg5 c4 10. Ne5 Be6 11. e3 Nd7 12. Bxe7 Nxe7 13. Nxd7 Qxd7 14. Qa4 Qd6 15. Rfc1 a6 16. Ne2 Bf5 17. Nf4 g5 18. Ne2 Bd3 19. Qd1 f5 20. Nc3 Rad8 21. Na4 b6 22. b3 f4 23. Nc3 f3 24. Bf1 Bxf1 25. Qxf1 b5 26. Re1 Nc6 27. Qh3 Qg6 28. g4 Nb4 29. Rf1 Qd3 30. Rac1 Qg6 31. bxc4 dxc4 32. a4 Nd3 33. Rb1 b4 34. Na2 a5 35. Qg3 Qe6 36. h3 c3 37. Nc1 Nxc1 38. Rfxc1 Rc8 39. h4 b3 40. hxg5 b2 41. Rc2 0-1

[Event "Euskadi-chT (Vasca) Div Honor"]
[Site "Bergara"]
[Date "2011.02.26"]
[Round "8.2"]
[White "Villalta Bustillo, Igor"]
[Black "Munoz Perez, Ivan"]
[Result "0-1"]
[WhiteElo "2161"]
[BlackElo "2289"]
[PlyCount "82"]
[EventDate "2011.01.08"]
[EventType "team-tourn"]
[EventRounds "9"]
[EventCountry "ESP"]
[SourceTitle "EXT 2024"]
[Source "ChessBase"]
[SourceDate "2023.10.10"]
[SourceVersion "1"]
[SourceVersionDate "2023.10.10"]
[SourceQuality "1"]

1. e4 e5 2. d4 exd4 3. Nf3 g6 4. Qxd4 Qf6 5. e5 Qb6 6. Qxb6 axb6 7. Nc3 Bb4 8. Bc4 Bxc3+ 9. bxc3 h6 10. h4 Nc6 11. 0-0 Nge7 12. Re1 Ra5 13. Re4 Kf8 14. Bf4 Kg7 15. Rae1 Re8 16. Nd4 Na7 17. h5 b5 18. Bd3 c5 19. Nb3 Rxa2 20. Nxc5 b6 21. Nb3 Bb7 22. Rd4 Bd5 23. Bc1 Nac6 24. Rh4 Nf5 25. Bxf5 gxf5 26. Nd4 Rxe5 27. Rxe5 Nxe5 28. Kh2 Be6 29. Rf4 Ng4+ 30. Kg3 Nf6 31. Kh4 Nd5 32. Nxf5+ Kh7 33. Rf3 Rxc2 34. Bxh6 Rxc3 35. Be3 Nxe3 36. fxe3 b4 37. Nd4 b3 38. Nxe6 fxe6 39. Rf4 b2 40. Rb4 Rc4+ 41. Rxc4 b1Q 0-1

[Event "Euskadi-chT (Vasca) Div Honor"]
[Site "Bergara"]
[Date "2011.01.22"]
[Round "3.3"]
[White "Argandona Riveiro, Inigo"]
[Black "Villalta Bustillo, Igor"]
[Result "1-0"]
[WhiteElo "2383"]
[BlackElo "2161"]
[PlyCount "93"]
[EventDate "2011.01.08"]
[EventType "team-tourn"]
[EventRounds "9"]
[EventCountry "ESP"]
[SourceTitle "EXT 2024"]
[Source "ChessBase"]
[SourceDate "2023.10.10"]
[SourceVersion "1"]
[SourceVersionDate "2023.10.10"]
[SourceQuality "1"]

1. e4 e5 2. Nf3 Nf6 3. d3 Nc6 4. Be2 g6 5. 0-0 Bg7 6. c3 0-0 7. b4 d6 8. a4 Nh5 9. b5 Ne7 10. d4 Nf4 11. dxe5 dxe5 12. Ba3 Qe8 13. Bc4 Bg4 14. Nbd2 Rd8 15. Ra2 Qd7 16. h3 Bxh3 17. gxh3 Nxh3+ 18. Kh2 Bh6 19. Ng1 Nf4 20. Qf3 Kh8 21. Nb3 f5 22. Rd2 Qe8 23. Rxd8 Qxd8 24. Qg3 fxe4 25. Qh4 Nf5 26. Qxd8 Rxd8 27. Bc1 b6 28. Re1 Bg7 29. Nh3 Nd3 30. Rd1 h6 31. f3 Rf8 32. fxe4 Nxc1 33. Nxc1 Ne3 34. Rd7 Nxc4 35. Rxc7 Nd6 36. Rxa7 Nxe4 37. a5 bxa5 38. b6 Rb8 39. b7 Kh7 40. Nb3 Nxc3 41. Nxa5 Nb5 42. Ra8 e4 43. Kg2 Be5 44. Nf2 Na3 45. Ng4 Bc7 46. Nf6+ Kg7 47. Ne8+ 1-0

[Event "Euskadi-ch"]
[Site "Zornotza"]
[Date "2010.04.07"]
[Round "3"]
[White "Villalta Bustillo, Igor"]
[Black "Agirretxe San Sebastian, Jesus Maria"]
[Result "0-1"]
[WhiteElo "2157"]
[BlackElo "2153"]
[PlyCount "88"]
[EventDate "2010.04.05"]
[EventType "swiss"]
[EventRounds "7"]
[EventCountry "ESP"]
[SourceTitle "CBM 136 Extra"]
[Source "ChessBase"]
[SourceDate "2010.07.02"]
[SourceVersion "2"]
[SourceVersionDate "2010.07.15"]
[SourceQuality "1"]

1. d4 d5 2. Nf3 Nf6 3. e3 Bg4 4. Nbd2 e6 5. h3 Bh5 6. g4 Bg6 7. Ne5 Nbd7 8. Nxg6 hxg6 9. Bg2 c6 10. a3 Bd6 11. c4 Qe7 12. e4 e5 13. exd5 exd4+ 14. Qe2 Nc5 15. Ne4 Ncxe4 16. Qxe4 c5 17. b4 Nd7 18. f4 Qxe4+ 19. Bxe4 0-0-0 20. Kd1 Rde8 21. Bg2 Kb8 22. Bd2 f5 23. bxc5 Nxc5 24. gxf5 gxf5 25. Bb4 Re3 26. Bxc5 Bxc5 27. Re1 Rh4 28. Rf1 Bxa3 29. Ra2 b6 30. Re2 Bd6 31. Rd2 d3 32. Rf3 Rxf3 33. Bxf3 Rxf4 34. Rxd3 Rxc4 35. Re3 a5 36. Re8+ Kc7 37. Rg8 Be5 38. Rf8 Bf6 39. Ra8 Kd6 40. Rb8 Rb4 41. Kc2 a4 42. Ra8 Rb3 43. Be2 Kxd5 44. Bc4+ Kxc4 0-1

[Event "Euskadi-chT"]
[Site "Bergara"]
[Date "2010.02.20"]
[Round "6.1"]
[White "Gonzalez de la Torre, Santiago"]
[Black "Villalta Bustillo, Igor"]
[Result "1/2-1/2"]
[WhiteElo "2405"]
[BlackElo "2157"]
[PlyCount "264"]
[EventDate "2010.01.09"]
[EventType "team-tourn"]
[EventRounds "9"]
[EventCountry "ESP"]
[SourceTitle "EXT 2011"]
[Source "ChessBase"]
[SourceDate "2010.11.26"]
[SourceVersion "1"]
[SourceVersionDate "2010.11.26"]
[SourceQuality "1"]

1. e4 e5 2. Nf3 Nf6 3. Nxe5 d6 4. Nf3 Nxe4 5. d4 d5 6. Bd3 Nc6 7. 0-0 Be7 8. c4 Nb4 9. Be2 0-0 10. Nc3 Be6 11. Ne5 f6 12. Nf3 a5 13. cxd5 Nxc3 14. bxc3 Nxd5 15. Bd3 Bf7 16. Qc2 g6 17. a3 c6 18. c4 Nc7 19. Bf4 Bd6 20. Bh6 Re8 21. c5 Bf8 22. Bf4 Bd5 23. Bxc7 Qxc7 24. Bc4 Qf7 25. Bxd5 Qxd5 26. Rfe1 Rxe1+ 27. Rxe1 b6 28. cxb6 Bxa3 29. Nd2 Bb4 30. Ne4 Qd8 31. Qc4+ Kh8 32. Re3 Qxb6 33. Nxf6 Bd6 34. g4 Rf8 35. Re8 Rxe8 36. Qf7 Qc7 37. Qxe8+ Kg7 38. g5 Bf8 39. Qe6 Qf7 40. Qxc6 Be7 41. Ne8+ Kg8 42. Nc7 Qf5 43. Qc4+ Kh8 44. d5 Qxg5+ 45. Kf1 Qh4 46. Qc3+ Bf6 47. Qf3 Qc4+ 48. Kg2 Qxc7 49. Qxf6+ Kg8 50. Qc6 Qf4 51. Qe6+ Qf7 52. Qc8+ Qf8 53. Qc7 Qf5 54. Qc4 Qf7 55. Qc8+ Qf8 56. Qc7 Qf5 57. Qc4 Qf7 58. Qd4 Qb7 59. Kg3 Qb4 60. Qe5 Qb3+ 61. Kf4 Qc4+ 62. Kg5 Qc5 63. Qb8+ Qf8 64. Qe5 Qc5 65. Qe6+ Kf8 66. Qf6+ Ke8 67. Qf3 a4 68. Qd3 a3 69. Kh6 Kf7 70. Kxh7 a2 71. Qxg6+ Ke7 72. d6+ Qxd6 73. Qg7+ Kd8 74. Qg8+ Kd7 75. Qxa2 Qxh2+ 76. Kg8 Qg2+ 77. Kf8 Kd6 78. Qf7 Qh3 79. Kg7 Ke5 80. f4+ Kd4 81. f5 Qg3+ 82. Kf8 Qb8+ 83. Kg7 Qg3+ 84. Qg6 Qc7+ 85. Kg8 Qd8+ 86. Kh7 Qh4+ 87. Qh6 Qe4 88. Qd6+ Kc3 89. Qe6 Qh4+ 90. Qh6 Qe4 91. Qg5 Kc2 92. Kg7 Qb7+ 93. Kg6 Qe4 94. Qg3 Kb1 95. Qf2 Qe8+ 96. Kg5 Qg8+ 97. Kh4 Qh8+ 98. Kg4 Qg7+ 99. Kh3 Qh6+ 100. Kg2 Qc6+ 101. Kg1 Qf6 102. Qf4 Qb6+ 103. Kg2 Qc6+ 104. Qf3 Qf6 105. Qg4 Qc6+ 106. Kg3 Qc3+ 107. Qf3 Qg7+ 108. Kh3 Qh6+ 109. Kg2 Qg5+ 110. Kf1 Qc1+ 111. Kf2 Qd2+ 112. Kg3 Qg5+ 113. Kh3 Qh6+ 114. Kg4 Qg7+ 115. Kf4 Qc7+ 116. Ke3 Qc3+ 117. Kf2 Qd4+ 118. Qe3 Qh4+ 119. Kf1 Qc4+ 120. Ke1 Qb4+ 121. Kf2 Qh4+ 122. Kf3 Qh3+ 123. Ke4 Qg4+ 124. Qf4 Qe2+ 125. Kd5 Qb5+ 126. Ke6 Qe8+ 127. Kf6 Qd8+ 128. Kg7 Qe7+ 129. Kh6 Qf8+ 130. Kg5 Qg7+ 131. Kh5 Qf7+ 132. Kh4 Qf6+ 1/2-1/2

[Event "Euskadi-chT"]
[Site "Bergara"]
[Date "2010.01.09"]
[Round "1.3"]
[White "Romero Holmes, Alfonso"]
[Black "Villalta Bustillo, Igor"]
[Result "1-0"]
[WhiteElo "2515"]
[BlackElo "2157"]
[PlyCount "65"]
[EventDate "2010.01.09"]
[EventType "team-tourn"]
[EventRounds "9"]
[EventCountry "ESP"]
[SourceTitle "EXT 2011"]
[Source "ChessBase"]
[SourceDate "2010.11.26"]
[SourceVersion "1"]
[SourceVersionDate "2010.11.26"]
[SourceQuality "1"]

1. c4 e6 2. g3 d5 3. Bg2 c5 4. Nf3 Nc6 5. cxd5 exd5 6. d4 Nf6 7. 0-0 Be7 8. Nc3 0-0 9. Bg5 Be6 10. dxc5 Bxc5 11. Ne1 Bd4 12. Nd3 h6 13. Bxf6 Bxf6 14. Nf4 Bxc3 15. bxc3 Ne7 16. Rb1 Rb8 17. Qa4 a6 18. Nxe6 fxe6 19. c4 Qd6 20. cxd5 Nxd5 21. Qd4 Rfd8 22. Rfd1 Qe7 23. Rd3 Rd7 24. Qa7 Rbd8 25. Rdb3 Qf6 26. Bxd5 Rxd5 27. Rxb7 Qe5 28. R1b4 Rd1+ 29. Kg2 Qa1 30. Qe3 Rg1+ 31. Kh3 Qf1+ 32. Kg4 h5+ 33. Kh4 1-0